| 000 | 01866cam a2200553 i 4500 | ||
|---|---|---|---|
| 999 |
_c63965 _d63965 |
||
| 001 | 18653339 | ||
| 003 | CO-MdFUSB | ||
| 005 | 20180622072549.0 | ||
| 008 | 150610t2016 nyu g b 001 0 eng | ||
| 010 | _a 2015023139 | ||
| 020 | _a9780190277161 (pbk. : alk. paper) | ||
| 020 | _a9780190277154 (cloth : alk. paper) | ||
| 040 |
_aDLC _bspa _cCO-MdFUSB _erda _dCO-MdFUSB |
||
| 041 | _aeng | ||
| 042 | _apcc | ||
| 082 | 0 | 0 |
_224 _aG 123 _bAB159a |
| 245 | 1 | 0 |
_aAbraham's dice _b: chance and providence in the monotheistic traditions _c/ editado por Karl W. Giberson. |
| 264 | 1 |
_aNew York, NY : _bOxford University Press, _c℗[2016] |
|
| 264 | 4 | _c©2016 | |
| 300 |
_axiv, 358 páginas ; _c25 cm _b: |
||
| 336 |
_2rdacontent _a1 _ba1 |
||
| 337 |
_2rdamedia _a2 _b5 |
||
| 338 |
_2rdacarrier _a2 _b5 |
||
| 501 | _aIncluye índice (p. 353- 358) | ||
| 505 | _aParte I: El desafío del azar -- Parte II: Conversaciones teológicas -- Parte III: Las complicaciones de la ciencia -- Parte IV: Reflexión de cierre | ||
| 650 | 7 |
_aProvidencia divina _9361 |
|
| 650 | 7 |
_aReligiones _9386 |
|
| 700 | 1 |
_aGiberson, Karl, _eeditor. |
|
| 720 | _aBarrow, John D. | ||
| 720 | _aBernhardt, Reinhold | ||
| 720 | _aBradley, James | ||
| 720 | _aBrooke, John Hedley | ||
| 720 | _aCrisp, Oliver D. | ||
| 720 | _aHan, Byung Soo (Paul) | ||
| 720 | _aHarrison, Peter | ||
| 720 | _aHecht, Jennifer Michael | ||
| 720 | _aHenson, Shaun | ||
| 720 | _aMcGrath, Alister E. | ||
| 720 | _aMiller, Richard W. | ||
| 720 | _aRuden, Sarah | ||
| 720 | _aRuzgar, Mustafa | ||
| 720 | _aRuse, Michael | ||
| 720 | _aSilva, Ignacio | ||
| 906 |
_a7 _bcbc _corignew _d1 _eecip _f20 _gy-gencatlg |
||
| 942 | _cBK | ||